Escoles municipals de música : criteris per al desenvolupament del model educatiu i cultural als municipis / [autors de l'estudi: Ignasi Gómez ... [et al.]] criteris per al desenvolupament del model educatiu i cultural als municipis / [autors de l'estudi:
MARC
| LEADER | 00000nam a2200000Ia 4500 | ||
|---|---|---|---|
| 001 | 14149 | ||
| 008 | 160829s2002 xx 000 0 cat d | ||
| 020 | |a 84-7794-880-1 | ||
| 080 | |a B-2-6 | ||
| 245 | |a Escoles municipals de música : |b criteris per al desenvolupament del model educatiu i cultural als municipis / [autors de l'estudi: |b Ignasi Gómez ... [et al.]] | ||
| 250 | |a Ed. en català | ||
| 260 | |a [Barcelona] : |b Diputació de Barcelona, Xarxa de Municipis, Àrea d'Educació, |c 2002 | ||
| 300 | |a 113 p. ; |c 30 cm | ||
| 490 | |a Estudis / Diputació de Barcelona. Àrea d'Educació ; 8 | ||
| 590 | |a Referències bibliogràfiques. | ||
| 590 | |a Existeix una edició en castellà | ||
| 650 | |a Conservatoris de música |9 37854 | ||
| 650 | 0 | |a Conservatoris de música |x Administració |9 37857 | |
| 700 | 1 | |a Gómez, Ignasi |9 37856 | |
| 710 | |a Barcelona (Catalunya : Província). |b Àrea d'Educació |9 8009 | ||
| 901 | |a Arxiu | ||
| 942 | |n 1 | ||
| 952 | |0 0 |1 0 |4 0 |6 B26 |7 1 |9 48121 |a Arxiu |b Arxiu |d 2016-12-01 |l 0 |o B-2-6 |p 14149 |r 2016-12-01 00:00:00 |w 2016-12-01 |y ARXIU | ||
| 999 | |c 51924 |d 51924 | ||